Batailles de la Guerre de Cent Ans #2 - Statistiques

Statistiques générales
  • Ce quiz a été pris 15 fois
  • Le résultat moyen est 3 sur 15
Statistiques - réponses
Date et issue de la bataille ou du siège Lieu de l’affrontement % Correct
19 septembre 1356 / Victoire anglaise décisive Poitiers
92%
31 mars - 12 avril 1360 / Victoire française Paris
50%
23 - 25 septembre 1370 / Les anglais lèvent le siège Paris
50%
31 décembre 1349 - 1er janvier 1350 / Victoire anglaise décisive Calais
42%
4 décembre 1370 / Victoire française décisive Pontvallain
17%
20 décembre 1359 - 11 janvier 1360 / Les anglais lèvent le siège Reims
17%
6 juin 1351 / Victoire française Ardres
8%
13 - 14 avril 1360 / Victoire française Chartres
8%
Mai 1372 / Retrait français Guernesey
8%
19 septembre 1370 / Les anglais mettent à sac la ville avant de s’enfuir Limoges
8%
Mars - 7 août 1351 / Victoire française Saint-Jean d’Angély
8%
29 août 1350 / Victoire tactique anglaise et victoire stratégique française Winchelsea
8%
26 août - 27 août 1356 / Victoire française Bourges
0%
23 juin 1359 / Victoire française Nogent-sur-Seine
0%
1er avril 1351 / Victoire anglaise Saintes
0%
Aucun quiz correspondant
Distribution des résultats
% des personnes avec chaque résultat
Percentile par nombre de réponses
Votre historique - résultats
Vous n’avez pas pris ce quiz